00621cpcaa2200217 4500001001300000003000400013005001700017008004100034010001700075040002400092072001200116100003800128245004400166300001400210506002200224545001900246546003600265580005700301656002800358999001700386mm 78004233 DLC20260227111620.0781212|||||||||||| eng  amm 78004233  aDLCcDLCedacsdDLC 7aC2lcmd1 aAllen, William Henry,d1784-1813.00aWilliam Henry Allen papers,f1793-1841. a6fitems.0 aOpen to research.0 aNaval officer. aCollection material in English. aForms part of: Miscellaneous Manuscripts collection. 7aNaval officers.2itoamc c39623d39623